|
|
|
|
| LEADER |
00609cam a2200181 7i4500 |
| 001 |
0000009879 |
| 005 |
20170721090000.0 |
| 020 |
|
|
|a 0415327652 (pbk.)
|
| 020 |
|
|
|a 9780415327657
|
| 090 |
0 |
0 |
|a LB2322.2
|b .R74 2004
|
| 245 |
0 |
4 |
|a The RoutledgeFalmer reader in higher education
|c edited by Malcolm Tight.
|
| 260 |
|
|
|a London:
|b RoutledgeFalmer,
|c 2004.
|
| 300 |
|
|
|a ix, 318 p.;
|c 23 cm.
|
| 490 |
0 |
|
|a Readers in education
|
| 650 |
0 |
0 |
|a Education, Higher
|
| 700 |
1 |
|
|a Tight, Malcolm
|
| 997 |
|
|
|a Education & Social Sciences, Faculty
|b Education, Department
|
| 999 |
|
|
|a 0000016695
|b BOK
|c OPEN SHELF
|e 1st Floor, Bestari Jaya
|